000 00408cam a2200157ua 4500
041 _amal
_h
082 _a894.812301
_bKUT/NE
100 _aKuttikrishnan, P C .
245 _aNeelamala /
_cP C Kuttikrishnan.
_hTextual Documents
250 _a1 /
_b.
260 _aKottayam :
_bSahitya Pravarthaka Co-operative Society ,
_c1959.
300 _a98 ; .
504 _a
942 _cBK
999 _c11525
_d11525